Programación avanzada con Microsoft Visual C++ Net
| Main Authors: | , |
|---|---|
| Format: | Section = Libro |
| Language: | Undetermined Spanish |
| Published: |
España
México
2003
|
| Edition: | 6a.ed |
| Subjects: |
| LEADER | 00752nam a2200265Ia 4500 | ||
|---|---|---|---|
| 008 | 240830s9999 xx 000 0 und d | ||
| 020 | |a 84-481-3724-8 | ||
| 040 | |a B-ESTELÍ- RUACS / 005.1 S548 | ||
| 041 | |a spa | ||
| 082 | |a 005.1 S548 | ||
| 100 | 1 | |a Shepherd, George | |
| 100 | 1 | |b Krouglinsk, David | |
| 245 | 1 | 0 | |a Programación avanzada con Microsoft Visual C++ Net |
| 250 | |a 6a.ed | ||
| 260 | |a España |b México |c 2003 | ||
| 300 | |a 825 p. :il | ||
| 650 | 7 | |a PROGRAMACION - VISUAL C++ NET | |
| 650 | 7 | |b WINDOWS - VISUAL C++ NET | |
| 650 | 7 | |c ASISTENTE - VISUAL C++ NET | |
| 650 | 7 | |d PROGRAMACION - INTERNET | |
| 650 | 7 | |e VISUAL C++ NET | |
| 650 | 7 | |f PROGRAMACION - ASP.NET - C++. | |
| 942 | |c BK |2 ddc | ||
| 991 | |a TEXTO | ||
| 999 | |c 10561 | ||